[Event "FRA-chT3 Gr8 0203"]
[Site "France"]
[Date "2003.04.06"]
[Round "9"]
[White "Vanacker, Stephane"]
[Black "Marquet, Mathieu"]
[Result "0-1"]
[WhiteElo "2089"]
[BlackElo "2020"]
[PlyCount "145"]
[EventDate "2002.10.??"]
[EventType "team-tourn"]
[EventRounds "9"]
[EventCountry "FRA"]
[SourceTitle "EXT 2005"]
[Source "ChessBase"]
[SourceDate "2004.11.15"]
[SourceVersion "1"]
[SourceVersionDate "2004.11.15"]
[SourceQuality "1"]

1. d4 Nf6 2. Nf3 e6 3. Bg5 d5 4. e3 Be7 5. Nbd2 0-0 6. Bd3 Nbd7 7. 0-0 b6 8. c3 Bb7 9. b4 Ne4 10. Bxe7 Qxe7 11. Qc2 Ndf6 12. Rab1 Rfc8 13. Qb2 c6 14. a4 Rc7 15. Rfc1 Rac8 16. Bxe4 Nxe4 17. Nxe4 dxe4 18. Nd2 c5 19. bxc5 bxc5 20. Nb3 cxd4 21. exd4 e3 22. Nc5 exf2+ 23. Qxf2 Qg5 24. Re1 Bd5 25. Rb2 f5 26. g3 e5 27. Qe3 Qh5 28. Qe2 Qxe2 29. Rexe2 e4 30. Kf2 g5 31. Ke3 Rf7 32. Rf2 Rcf8 33. Rbc2 f4+ 34. gxf4 gxf4+ 35. Ke2 e3 36. c4 Bxc4+ 37. Rxc4 exf2 38. Kxf2 Rb8 39. d5 Rb2+ 40. Kf3 Rxh2 41. Ne6 Rf6 42. Rc8+ Kf7 43. Rc7+ Ke8 44. Rxa7 Rh3+ 45. Kf2 f3 46. Ng7+ Kd8 47. Ra8+ Kd7 48. Ra7+ Kc8 49. Rc7+ Kd8 50. Rc1 Rh2+ 51. Ke3 Re2+ 52. Kd3 Re5 53. Ne6+ Kd7 54. Nc5+ Ke7 55. Ne4 Rxd5+ 56. Ke3 Rf8 57. Rf1 Rdf5 58. Ng3 Re5+ 59. Kd4 Ra5 60. Ra1 Rg5 61. Ne4 Rg2 62. Ke3 Re2+ 63. Kd3 Rh2 64. a5 f2 65. Rf1 h5 66. Ke3 Rh3+ 67. Ke2 Ra3 68. Nxf2 Rxa5 69. Rh1 Ra2+ 70. Ke3 Raxf2 71. Rxh5 R2f5 72. Rh7+ R8f7 73. Rh6 0-1

[Event "FRA-chT3 Gr8 0203"]
[Site "France"]
[Date "2003.04.05"]
[Round "8"]
[White "Vanacker, Stephane"]
[Black "Miller, Vincent"]
[Result "1/2-1/2"]
[WhiteElo "2089"]
[BlackElo "2050"]
[PlyCount "90"]
[EventDate "2002.10.??"]
[EventType "team-tourn"]
[EventRounds "9"]
[EventCountry "FRA"]
[SourceTitle "EXT 2005"]
[Source "ChessBase"]
[SourceDate "2004.11.15"]
[SourceVersion "1"]
[SourceVersionDate "2004.11.15"]
[SourceQuality "1"]

1. d4 g6 2. Nf3 Bg7 3. Bg5 c5 4. c3 Qb6 5. Qd2 cxd4 6. Nxd4 Nc6 7. e3 d5 8. Na3 f6 9. Bh4 e5 10. Nxc6 bxc6 11. Bd3 Be6 12. 0-0 Ne7 13. f3 Rd8 14. Bf2 Qb7 15. Qe2 0-0 16. Rfd1 Rb8 17. b3 a5 18. Rab1 Qc7 19. e4 Rfd8 20. Bc5 Bf8 21. Qf2 Nc8 22. Bxf8 Kxf8 23. exd5 Bxd5 24. c4 Bf7 25. Qc5+ Kg7 26. Be4 Qa7 27. Qxa7 Nxa7 28. Kf2 f5 29. Bc2 Kf6 30. Bd3 Rd7 31. Be2 Rbd8 32. Rxd7 Rxd7 33. Rd1 Rxd1 34. Bxd1 Ke6 35. Ke3 Kd6 36. Nc2 Be6 37. Ne1 c5 38. Be2 Nc6 39. Bd3 Nd4 40. Kd2 g5 41. Nc2 h5 42. h3 g4 43. hxg4 hxg4 44. fxg4 fxg4 45. Ne3 Ke7 1/2-1/2

[Event "FRA-chT3 Gr8 0203"]
[Site "France"]
[Date "2003.03.16"]
[Round "7"]
[White "Dupont, Nicolas"]
[Black "Vanacker, Stephane"]
[Result "1/2-1/2"]
[WhiteElo "1980"]
[BlackElo "2089"]
[PlyCount "81"]
[EventDate "2002.10.??"]
[EventType "team-tourn"]
[EventRounds "9"]
[EventCountry "FRA"]
[SourceTitle "EXT 2005"]
[Source "ChessBase"]
[SourceDate "2004.11.15"]
[SourceVersion "1"]
[SourceVersionDate "2004.11.15"]
[SourceQuality "1"]

1. Nf3 d5 2. d4 c6 3. Bf4 Nf6 4. e3 Bg4 5. Nbd2 e6 6. Bd3 Nbd7 7. h3 Bf5 8. Bxf5 exf5 9. 0-0 g6 10. c4 Bg7 11. Qb3 Qb6 12. Ne5 Qxb3 13. Nxb3 a5 14. Rac1 a4 15. Nxd7 Nxd7 16. Nd2 Nb6 17. Bc7 Nxc4 18. Nxc4 dxc4 19. Rxc4 Kd7 20. Bf4 Rhc8 21. Rfc1 Ra5 22. R1c2 Bf8 23. Kf1 Bd6 24. Bxd6 Kxd6 25. Ke2 Rca8 26. f3 R8a6 27. g4 f6 28. Rc5 fxg4 29. hxg4 Rxc5 30. Rxc5 Rb6 31. Rc2 Rb5 32. e4 h5 33. gxh5 Rxh5 34. Ke3 b6 35. Rg2 g5 36. Rc2 Rh3 37. Rg2 Rh1 38. f4 Rh3+ 39. Ke2 gxf4 40. Rg6 Ke7 41. e5 1/2-1/2

[Event "FRA-chT3 Gr8 0203"]
[Site "France"]
[Date "2002.11.17"]
[Round "3"]
[White "Ratel, Laurent"]
[Black "Vanacker, Stephane"]
[Result "1-0"]
[WhiteElo "2110"]
[BlackElo "2089"]
[PlyCount "47"]
[EventDate "2002.10.??"]
[EventType "team-tourn"]
[EventRounds "9"]
[EventCountry "FRA"]
[SourceTitle "EXT 2005"]
[Source "ChessBase"]
[SourceDate "2004.11.15"]
[SourceVersion "1"]
[SourceVersionDate "2004.11.15"]
[SourceQuality "1"]

1. e4 c5 2. f4 a6 3. Nf3 b5 4. a4 b4 5. Bc4 Bb7 6. d3 e6 7. e5 d5 8. exd6 Bxd6 9. Be3 Qc7 10. g3 Nf6 11. Qe2 Bd5 12. Nbd2 Nc6 13. Bxd5 Nxd5 14. Ne4 Nce7 15. Nxd6+ Qxd6 16. Ne5 0-0 17. Bf2 Ng6 18. 0-0 Rfe8 19. Rad1 Nxe5 20. fxe5 Qc6 21. Qf3 Qxa4 22. Bxc5 Qxc2 23. Qxf7+ Kh8 24. Bf8 1-0

[Event "FRA-chT3 Gr8 0203"]
[Site "France"]
[Date "2002.10.13"]
[Round "1"]
[White "Vanacker, Stephane"]
[Black "Platel, Alexandre"]
[Result "1/2-1/2"]
[WhiteElo "2090"]
[BlackElo "2104"]
[PlyCount "67"]
[EventDate "2002.10.??"]
[EventType "team-tourn"]
[EventRounds "9"]
[EventCountry "FRA"]
[SourceTitle "EXT 2005"]
[Source "ChessBase"]
[SourceDate "2004.11.15"]
[SourceVersion "1"]
[SourceVersionDate "2004.11.15"]
[SourceQuality "1"]

1. d4 d5 2. Nf3 e6 3. c3 f5 4. Bg5 Nf6 5. e3 Be7 6. Ne5 0-0 7. Nd2 Nbd7 8. Nxd7 Bxd7 9. f3 Nh5 10. f4 Bxg5 11. Qxh5 Be7 12. Be2 c5 13. Nf3 Qb6 14. Rb1 Bb5 15. Ne5 Bxe2 16. Qxe2 Qa5 17. 0-0 c4 18. Ra1 Bd6 19. g4 Bxe5 20. fxe5 Qd8 21. gxf5 exf5 22. Rf2 g6 23. Raf1 Qe7 24. Qf3 Rad8 25. Qg3 Kh8 26. h4 Rg8 27. Rg2 h5 28. Qf4 Kh7 29. Kf2 Qe6 30. Rg5 Rd7 31. Qf3 Rgg7 32. Rfg1 Rdf7 33. Ke1 b5 34. Kd2 1/2-1/2

[Event "FRA-chT3 Gr8 0102"]
[Site "France"]
[Date "2001.12.09"]
[Round "4"]
[White "Vanacker, Stephane"]
[Black "Favreau, Francois"]
[Result "1/2-1/2"]
[WhiteElo "2030"]
[BlackElo "1980"]
[PlyCount "82"]
[EventDate "2001.10.??"]
[EventType "team-tourn"]
[EventRounds "9"]
[EventCountry "FRA"]
[SourceTitle "EXT 2005"]
[Source "ChessBase"]
[SourceDate "2004.11.15"]
[SourceVersion "1"]
[SourceVersionDate "2004.11.15"]
[SourceQuality "1"]

1. d4 g6 2. Nf3 Bg7 3. c3 d6 4. Bg5 Nd7 5. Nbd2 Ngf6 6. e4 e5 7. dxe5 dxe5 8. Qc2 c6 9. Nc4 Qe7 10. Rd1 0-0 11. Be2 a5 12. 0-0 b5 13. Nd6 Ba6 14. a4 Rfb8 15. Rd2 Nc5 16. axb5 cxb5 17. Rd5 Ne6 18. Bxf6 Bxf6 19. Rfd1 Nf4 20. Bxb5 Nxd5 21. Rxd5 Bxb5 22. Nxb5 Rd8 23. c4 Rac8 24. Qb3 Qe6 25. g3 Qc6 26. Nd2 Qe6 27. Kg2 h5 28. Qd3 h4 29. b3 hxg3 30. fxg3 Kg7 31. Rd6 Rxd6 32. Nxd6 Rh8 33. h4 Be7 34. c5 Qg4 35. Nf3 Bxh4 36. Nxe5 Qe6 37. Nexf7 Rh5 38. gxh4 Qg4+ 39. Qg3 Qe2+ 40. Kh3 Qf1+ 41. Kh2 Qe2+ 1/2-1/2